[Event "FRA-chT poule basse"]
[Site "France"]
[Date "2003.05.07"]
[Round "8.5"]
[White "Cornette, Matthieu"]
[Black "Bellaiche, Antony"]
[Result "1-0"]
[WhiteElo "2329"]
[BlackElo "2427"]
[Annotator "Bangiev,A"]
[PlyCount "77"]
[EventDate "2003.05.07"]
[EventType "team"]
[EventRounds "4"]
[EventCountry "FRA"]
[SourceTitle "CBM 095"]
[Source "ChessBase"]
[SourceDate "2003.07.25"]
[SourceVersion "1"]
[SourceVersionDate "2003.07.25"]
[SourceQuality "1"]
[WhiteTeam "Bordeaux"]
[BlackTeam "Vandoeuvre"]
[WhiteTeamCountry "FRA"]
[BlackTeamCountry "FRA"]

1. e4 c5 2. Nc3 Nc6 3. Bb5 Nd4 4. Bc4 e6 5. Nf3 a6 6. Nxd4 cxd4 7. Ne2 b5 8.
Bb3 Qb6 9. O-O Ne7 10. d3 Bb7 {Es ist eine Stellung entstanden, die für den
Grand-Prix-Angriff der Sizilianischen Verteidigung - allerdings ohne f4 -
typisch ist. Ausgerechnet diese Möglichkeit, den Vorstoß f4 zum günstigen
Zeitpunkt spielen zu können, steht im Hintergrund der ganzen Eröffnungsidee.}
11. Qe1 h6 12. Bd2 {[%mdl 32] Eine gute Idee, die allerdings auch typisch für
derartigen Positionen ist! Weiß provoziert das drohende Ba5 mit ..a5 zu
verhindern.} a5 {Man beachte: Dies schwächt die weißen Felder.} 13. a4 $1 {
[%mdl 32] Nun bekommt der Bb3 mehr Spielraum.} b4 14. Bc4 {Dies ist gegen d5
gerichtet} (14. f4 d5) 14... Rc8 (14... d5 15. Bb5+) 15. c3 $1 {[%mdl 32] Eine
sehr gute Idee! Weiß ist bestrebt den Bauern b4 zu entfernen, dann kann der
Bauer a5 zum Angriffsziel werden.} Nc6 16. Kh1 {Da die schwarzen Steine am
Damenflügel mit der Verteidigung überlastet sind, bereitet Weiß den Vorstoß f4
und damit einen Angriff gegen den schwarzen König in der Mitte vor.} bxc3 $6 {
Eine zweifelhafte Idee. Die Öffnung der Stellung kommt bekanntlich der
beststehenden Seite zugute.} (16... Bc5 $142) 17. bxc3 dxc3 18. Bxc3 Bb4 {
Schwarz verfolgt durch dieses Manöver zwei Ziele, nämlich den Bauern a5 zu
schützen, die Entwicklung abschließen zu können. Er muss aber damit verbundene
schwarzfeldrige Stellungsschwächen (u.a. das Feld g7) in Kauf nehmen.} 19. Rb1
$1 {Die Figuren (hier sind sie Bb4, Qb6 und Bb7) stehen in der Regel auf einer
offenen Linie schlecht.} O-O 20. f4 Qc5 (20... Qe3 21. Rf3) 21. Qg3 $1 {
Weiß greift das Feld g7 an mit dem versteckten Ziel die weißen Felder
schwächen zu können..} f6 {Dies schwächt endgültig die weißen Felder. Schwarz
hatte aber schon keine andere Wahl.} (21... Bxc3 22. Rxb7 $16) (21... g6 22.
Qh4 (22. f5) 22... d5 23. Qxh6 Bxc3 24. Nxc3 dxc4 25. Rf3) 22. f5 $1 d5 23. Ba2
$18 {Schwarz ist nicht mehr in der Lage die weißen Felder zu kontrollieren.} e5
24. Bxd5+ Kh8 25. d4 exd4 26. Bxb4 axb4 27. Nf4 Rfe8 28. Rfc1 Qa7 29. Bf7 Rf8
30. Ng6+ Kh7 31. Nxf8+ Rxf8 32. Bd5 Rc8 33. Qd6 Qxa4 34. Ra1 Ne5 35. Bxb7 b3
36. Bxc8 b2 37. Rab1 bxc1=Q+ 38. Rxc1 d3 39. Be6 {In dieser Partie finden wir
eine Reihe von strategisch motivierten, für den Grand-Prix-Angriff typische
Pläne bzw. Züge.} 1-0

[Event "Benasque champions 25 ann"]
[Site "Benasque"]
[Date "2005.07.10"]
[Round "5"]
[White "Movsziszian, Karen"]
[Black "Suba, Mihai"]
[Result "1-0"]
[WhiteElo "2439"]
[BlackElo "2520"]
[Annotator "Bangiev,A"]
[PlyCount "139"]
[EventDate "2005.07.06"]
[EventType "tourn"]
[EventRounds "9"]
[EventCountry "ESP"]
[EventCategory "11"]
[SourceTitle "CBM 108"]
[Source "ChessBase"]
[SourceDate "2005.09.26"]
[SourceVersion "1"]
[SourceVersionDate "2005.09.26"]
[SourceQuality "1"]

1. e4 c5 2. d3 Nc6 3. g3 {[%csl Ge5][%cal Ye5d4,Gd5c4]} d5 {[%cal Gd5c4]} 4.
Nd2 {[%cal Ye5d4,Gd5c4]} e5 {[%cal Ye5d4]} 5. Bg2 {[%cal Ye5d4,Gd5c4]} Nge7 (
5... d4 6. Ngf3 Bd6 7. O-O Nge7 8. c3 O-O 9. cxd4 cxd4 10. Nc4 Bc7 {0-1
Klenburg,M-Sax,G/Bad Wiessee 2001/EXT 2002 (47)}) 6. Ngf3 {[%csl Ge5][%cal
Ye5d4]} d4 {[%cal Ye5d4]} 7. Nc4 {[%csl Ge5][%cal Ye5d4]} f6 {[%csl Ge5]} 8. a4
{[%csl Ge5][%cal Ye5d4,Gd5c4]} Be6 {[%csl Ge5][%cal Gd5c4]} 9. O-O Qd7 10. Ne1
O-O-O 11. f4 {[%csl Ge5,Gf2,Gh2][%cal Ye5f4] /\f5} exf4 {[%cal Ye5f4]} 12. gxf4
Bg4 (12... Bxc4 $6 13. dxc4 {[%csl Ge5] /\Nd3}) 13. Nf3 {[%cal Ye5f4]} (13. Qd2
{[%cal Ye5f4]} Ng6) 13... Ng6 14. Qe1 {[%cal Ye5f4]} h5 {/\h4} (14... Bd6 15.
Nxd6+) 15. Nh4 {[%mdl 8]} (15. a5 h4 16. a6 b6 17. e5 Re8 (17... Be6 18. Nfd2
h3 19. Bh1 Rh4 $36 {1-0 Strikovic,A-Llanes Hurtado,M/Coria 1994/EXT 2004 (33)})
18. Nfd2 h3 19. Bh1 f5 20. Nf3 Be7 {0-1 Strikovic,A-Suba,M/Seville 1994/TD (27)
}) (15. f5 {[%csl Ge5]} Bxf3 16. Bxf3 Nge5 17. Nxe5 Nxe5) 15... Nxh4 16. Qxh4 {
[%cal Ye5f4] /\f5; Plan: Be6 + Be7 + g5} Be6 (16... Nb4 {[%csl Gc2]} 17. Rf2
Bd1 18. Bh3) (16... Be7 17. f5) 17. Bd2 Be7 {[%cal Ye5f4] /\g5} 18. Qf2 {
[%cal Ye5f4]} g5 {[%cal Ye5f4]} 19. e5 {[%cal Ye5f4]} (19. f5 Bxc4 20. dxc4 Ne5
$17) 19... Rdf8 (19... gxf4 20. exf6 Bxf6 21. Bxf4 (21. Qxf4 Rhg8) 21... Bxc4
22. dxc4 h4 23. Rae1 $13 {[%cal Ye5f4]}) 20. f5 {[%csl Ge5][%cal Ye5f4]} Bxc4
21. exf6 {[%cal Ye5f4]} Bxf6 22. dxc4 {[%cal Ye5f4,Ye3f2] /\Ng4: Plan:Ne5 + Ng4
} Ne5 23. Bd5 (23. b3 Ng4) 23... Kb8 (23... Ng4 24. Qg2) 24. a5 Ng4 {[%cal
Ye5f4,Ye3f2]} (24... Qc7) 25. Qg2 {[%cal Ye5f4]} Be5 26. Be6 {[%cal Ye5f4,
Ye3f2]} Qc7 27. h3 {[%cal Ye3f2,Yg3h2,Ye5f4]} Bh2+ $1 (27... Ne3 28. Bxe3 dxe3)
(27... Nh2 28. Rfe1) (27... Bf4 $2 28. Bxf4 gxf4 29. hxg4) 28. Kh1 Bf4 $1 29.
Bxf4 gxf4 30. Rf3 Ne3 $17 31. Qg5 (31. Qf2 Nxf5) 31... Nxc2 32. Rg1 Ne3 33.
Rxf4 Qc6+ {Schwarz sollte hier den Vorstoß f6 stoppen, dies hatte er
wahrscheinlich in der Zeitnotphase verpasst.} (33... Qxa5 34. f6) 34. Kh2 Qd6
35. Kh1 {[%cal Ye5f4]} Rd8 (35... Qe5 $142 36. Qg3 h4 37. Qf3 Rh6) 36. Re4 Rhe8
37. b3 a6 38. Qxh5 Rh8 (38... Qc7) 39. Qf3 Qc6 $2 (39... Qc7 40. f6 Qxa5 41. f7
$13) 40. f6 Rdf8 41. f7 $16 Ka7 42. Rg3 Rh6 43. Rxe3 dxe3 44. Bd5 Qd6 45. Qxe3
Rh5 46. Qf3 Qh6 47. Kh2 Re5 48. Qf2 b6 49. Rg8 Qd6 50. Qg3 Re2+ 51. Kg1 Qxg3+
52. Rxg3 Re1+ 53. Kf2 Re5 54. axb6+ Kxb6 55. Rg6+ Ka5 56. Rf6 Kb4 57. Rf3 a5
58. Kg3 Re1 59. Kg4 Rb1 60. Re3 Rxb3 61. Re8 Rxf7 62. Bxf7 a4 63. Ra8 a3 64. h4
Rb2 65. h5 Rg2+ 66. Kf5 Rf2+ 67. Kg6 a2 68. h6 Kb3 69. h7 Rh2 70. Kg7 1-0

[Event "Petrov Memorial op"]
[Site "St Petersburg"]
[Date "2000.02.13"]
[Round "6"]
[White "Beshukov, Sergei"]
[Black "Rashkovsky, Nukhim N"]
[Result "1-0"]
[WhiteElo "2460"]
[BlackElo "2523"]
[Annotator "Bangiev,A"]
[PlyCount "149"]
[EventDate "2000.02.05"]
[EventType "swiss"]
[EventRounds "9"]
[EventCountry "RUS"]
[SourceTitle "CBM 076"]
[Source "ChessBase"]
[SourceDate "2000.05.31"]
[SourceVersion "1"]
[SourceVersionDate "2000.05.31"]
[SourceQuality "1"]

{[%mdl 128]} 1. e4 c5 2. Nc3 Nc6 3. Nge2 e5 4. Nd5 Be7 5. Nec3 Nf6 6. Bc4 O-O
7. O-O d6 8. d3 Nxd5 9. Nxd5 Bg5 ({Eine Alternative besteht in} 9... Be6 10. f4
exf4 11. Bxf4 Ne5 (11... Bxd5 12. Bxd5 Bf6 13. c3 Ne7 14. Bb3 {1/2-1/2 Martin
del Campo,R- Gonzalez,R/Cienfuegos 1997/(25)}) (11... Bg5 12. Bg3 Ne5 13. Bxe5
dxe5 14. Qf3 Rb8 15. a4 {1-0 Werle,J-Bokros,A/Groningen 1999/(26)}) 12. Bxe5
dxe5 13. Kh1 Bg5 14. Qe1 Kh8 15. g3 f6 16. a4 Qd6 {1/2-1/2 Kobalija,M-Neverov,
V/Yalta 1996/(16)}) 10. Qh5 $5 ({häufiger wird hier} 10. f4 {gespielt}) 10...
Bxc1 (10... h6 11. f4 $36) 11. Raxc1 Be6 (11... Ne7 12. f4 Nxd5 13. Bxd5 exf4
14. Rxf4 Be6 $14 {1/2-1/2 Tischbierek,R-Oll,L/New York 1994/(14)}) 12. f4 $36 {
Aus der Bauernstruktur folgt, daß Weiß am Königsflügel vorgehen und trachten
muß, mittels f5 den Läufer e6 zu vertreiben.} exf4 (12... f5 $5 13. exf5 (13.
fxe5 $6 dxe5) 13... Rxf5 14. Qg4 Nd4 15. Ne3 (15. Nb6 Bxc4 16. Nxc4 exf4 $1 $17
) 15... Rf6 16. Bxe6+ Rxe6 17. f5 $14) (12... b5 $2 13. Bxb5 Bxd5 14. exd5 Nd4
15. Ba4 g6 16. Qd1 $16 {1-0 Jansa,V-Bazant,P/Turnov 1996/(59)}) 13. Rxf4 Ne5
14. Rcf1 {Weiß ist aus der Eröffnung mit einem kleinen aber sicheren Vorteil
hervorgegangen.} Ng6 (14... Nxc4 15. Rh4 Qxh4 (15... h6 16. Nf6+ $18) 16. Qxh4
$16) 15. Rf5 $5 {[%mdl 520] Dies sieht harmlos aus, aber so ist nicht. Es
droht Rf1-h3 mit dem weißen Angriff auf der h-Linie.} (15. R4f3 a6 (15... Qd7
$5) 16. Rg3 Re8 17. Ne3 Qh4 18. Qxh4 Nxh4 19. Nd5 Bxd5 20. Bxd5 Re7 $14 {
1/2-1/2 Balashov,Y-Gruenberg,H/Leipzig 1973/(35)}) (15. R4f2 Ne5 16. Ne3 Nxc4
17. dxc4 h6 18. h4 (18. Rd1 Qe7 19. Rfd2 Rad8 20. Qf3 Rd7 21. Qf4 Rfd8 $14 {
1-0 Kindermann,S- Miniboeck,G/Austria 1996/(54)}) 18... Qb6 19. b3 Qa5 20. Nf5
Rad8 21. Qg4 Bxf5 22. exf5 Rfe8 $132 {1/2-1/2 Soltis,A-Lukov,V/Moscow 1989/(53)
}) 15... Ne7 (15... Bxf5 $2 16. exf5 b5 (16... Ne5 17. f6 $40 Ng6 18. Rf3 $18)
17. fxg6 $1 (17. Bb3 Ne5 18. f6) 17... hxg6 18. Qe2 Re8 (18... bxc4 19. Ne7+
Kh8 20. Rf4 $18) 19. Qf3 bxc4 20. Qxf7+ Kh8 (20... Kh7 21. Nf6+) 21. Nf4 Qg5
22. Rf3 $18) (15... Rb8 $5 {/\b5} 16. R1f3 (16. Nf6+ $2 gxf6 17. R1f3 Kg7 $1
18. Rh3 Rh8 $19 {Der Gewinnversuch war damit gescheitert.}) (16. a4) 16... Qh4)
16. R5f4 (16. Rxf7 $6 Bxf7 17. Rxf7 Nxd5 18. Bxd5 Rxf7 19. Qxf7+ Kh8 $15) 16...
Ng6 17. Rf5 Ne7 18. R5f3 $5 Ng6 (18... Nxd5 19. exd5 $16) 19. g4 $1 {/\Rh3} Ne5
(19... Qh4 20. Qxh4 Nxh4 21. R3f2 Bxg4 (21... Rad8 $2 22. Ne7+ $18) (21... Ng6
22. Nc7) 22. Rf4 h5 23. Ne3 $16) 20. Rh3 h6 21. Nf6+ $5 {[%mdl 128]} (21. Rg3
f6 $132) 21... Qxf6 (21... Kh8 22. Rf4 $1 {/\Qg5} (22. Qg5 $2 Nxg4) 22... Qa5
23. c3 Qa4 24. Bb3 Bxb3 25. Qg5 $3 $18) (21... gxf6 22. Qxh6 $18) 22. Rxf6 Bxg4
23. Qh4 (23. Rxh6 $6 Bxh5 24. R6xh5 g6 $14) 23... Bxh3 24. Qg3 $16 {Obwohl
Schwarz die unmittelbaren Drohungen abgewehrt hat, behält Weiß ein kräftiges
Druckspiel.} Be6 25. Rxh6 (25. Bxe6 fxe6 26. Rxe6 Rf3 27. Qg2 Raf8 28. Re7 g5
$132) 25... Bxc4 26. dxc4 f6 $132 27. Rh3 Rae8 28. Qh4 Kf7 29. Qh5+ Ke7 30. Ra3
Nc6 31. Rg3 g5 32. Qd1 Kd7 33. Qg4+ Kc7 34. Rh3 Re7 35. Qf5 Nd4 36. Qg6 Ne2+
37. Kf1 Nf4 38. Qh6 Rff7 39. Re3 Rh7 40. Qf8 Ref7 41. Qa8 $18 Ne6 42. Rb3 Nd8
43. Qxa7 Re7 44. Qb6+ Kd7 45. Rd3 Re6 46. Qxc5 Rh4 47. Qb5+ Ke7 48. c5 Rf4+ 49.
Kg2 Rg4+ 50. Kf2 Rf4+ 51. Rf3 Rfxe4 52. cxd6+ Rxd6 53. Rd3 Rxd3 54. cxd3 Rf4+
55. Ke3 Rh4 56. Qc5+ Kd7 57. Qf8 Rh3+ 58. Ke4 Rh4+ 59. Kf3 Rh3+ 60. Kg2 Rxd3
61. Qxf6 Rd5 62. a4 Nc6 63. Qg7+ Ne7 64. b4 Rf5 65. a5 Rb5 66. Qd4+ Ke6 67.
Qc4+ Rd5 68. b5 Kd6 69. Qb4+ Rc5 70. Qa3 Nc8 71. Kg3 Na7 72. Qd3+ Ke5 73. a6
bxa6 74. bxa6 Nc6 75. Qa3 1-0

[Event "Olympiad-41"]
[Site "Tromsoe"]
[Date "2014.08.14"]
[Round "11.4"]
[White "Ni, Hua"]
[Black "Bartel, Mateusz"]
[Result "1/2-1/2"]
[WhiteElo "2666"]
[BlackElo "2640"]
[Annotator "Bartel,M"]
[PlyCount "80"]
[EventDate "2014.08.02"]
[EventType "team-swiss"]
[EventRounds "11"]
[EventCountry "NOR"]
[SourceTitle "CBM 162"]
[Source "ChessBase"]
[SourceDate "2014.09.17"]
[SourceVersion "1"]
[SourceVersionDate "2014.09.17"]
[SourceQuality "1"]
[WhiteTeam "China"]
[BlackTeam "Poland"]
[WhiteTeamCountry "CHN"]
[BlackTeamCountry "POL"]

{This game was played in the last round of the Olympiad. For the Chinese team
it was an extremely important match, as they were sole leaders. However, a
draw was enough for them to get the title. The Polish team was 10th before the
last encounter and our chances for top 3 were only theoretical. But they
existed, so we wanted to fight.} 1. e4 c5 {I am not a Sicilian player, so this
was probably a kind of surprise for my opponent.} 2. Nf3 Nc6 3. Bb5 {An
understandable choice when you are surprised.} e6 4. O-O ({The main
alternative is} 4. Bxc6 bxc6 {and here White has a lot of options, eg.} 5. b3 {
as in the Anand - Gelfand encounter in their world championship match.}) 4...
Nge7 5. Re1 Nd4 $5 {This is not the most common move in that position, but at
the same time it's not something new. In classical games it has already been
tried by such experts as Gelfand and Moiseenko.} 6. Nxd4 cxd4 7. Na3 $5 {
During the game I wasn't exactly sure if it was my opponent's preparation or
over the board improvisation.} ({The main moves in that position are} 7. d3) ({
and} 7. c3 {. The latter can lead the the same position which appeared in the
game after} a6 8. Bf1 Nc6 9. Na3) 7... a6 8. Bf1 Nc6 {This allows White to get
back to theoretical positions.} ({However, it was quite tempting to try} 8...
d5 $5 {. Now if White goes for} 9. exd5 Nxd5 10. c3 {Black should be totally
ok after} Bc5 {. It is very likely, that 8...d5 was ok for Black, but having
the feeling that I am better prepared, I saw no reason to go into not explored
territory.}) 9. c3 Bc5 10. b4 Ba7 11. b5 {This is a new move, but - to me - it
seems more like mixing up of the move order than a prepared ot created over
the board novelty.} ({The main move here is} 11. Rb1 {played in a game which
was commented by Leonid Kritz for CBM:} O-O 12. b5 axb5 13. Nxb5 Bc5 14. Bb2
dxc3 15. Bxc3 d5 16. exd5 exd5 $11 {1/2 (34) Ponomariov,R (2741)-Gelfand,B 
(2751) Tashkent 2012 CBM 152 [Kritz,L]}) 11... Ne5 {The only logical move.} 12.
Nc4 ({It is also the only real move for White. There is no time for moves like
} 12. Rb1 {Black gets his chances after} d3 $1 {and the bishop from a7 becomes
extremely active.}) 12... Nxc4 13. Bxc4 axb5 {Here Black had few options.
However, taking on b5 and castling seemed the most logical to me. I thought
that opening of the a-file can't be bad for me and I wanted to keep the pawn
on d4 for the moment.} 14. Bxb5 O-O 15. a4 $6 {Protecting the bishop in case
of some double attack like ...Qb6, attacking b5 and f2, has of course some
sense, but looks a bit too slow and now Black has the upper hand in my opinion.
} ({White couldn't try} 15. Qa4 $2 {in view of} dxc3 {and the queen is in
trouble, but it was interesting to play}) (15. Ba3 $5 Re8 16. c4 {as Black
would face temporary problems in developing his forces. Actually, any option
of blocking the Ba7 should be ok for White, as that bishop can become a real
monster one day, while neither white bishop has such prospects.}) 15... d6 ({
Another option was} 15... e5 16. Bb2 dxc3 17. Bxc3 Qf6) 16. Bb2 dxc3 17. Bxc3
e5 18. d4 $1 {The most precise way to keep equality. Black had been ready to
use the advantage of his powerful Ba7, so it was the right moment to limit the
options of this piece.} Qf6 19. Qd2 $6 {This is , however, not the best.} ({
There was a lot of sense in the immediate} 19. Bb2 exd4 20. Ra3 {and here it
is Black who should play carefully.}) 19... exd4 20. Bb2 Be6 21. Ra3 Bb6 $6 {
An interesting moment of the game.} ({My first intention was} 21... Rfc8 {
, but later I decided to include ...Bb6. Then, of course, I hesitated very
next minute after executing this move. The immediate ...Rfc8 would be tricky,
as the most tempting move is a mistake!} 22. Rd3 $2 ({White would need to
realise that he should include} 22. Rf3 $1 Qe5 23. Rd3 {, which is rather not
obvious. Later, after eg.,} Bc4 24. Bxd4 Bxd4 25. Rxd4 Bxb5 26. Rd5 Qc3 27.
Qxc3 Rxc3 28. axb5 Rc5 {position would be drawn.}) 22... Rc3 $1 {Actually I
saw this idea during the game, but for some reason I thought that with bishop
on b6 (which protects the d8-square) it should be stronger. It's exactly the
opposite!} 23. Bxc3 (23. Rd1 Rac8 24. Bxc3 dxc3 25. Qc2 Bc5 $15) 23... dxc3 24.
Qe2 (24. Qc2 Bb3 $1) 24... Bd4 25. Red1 Be5 26. g3 g5 $1 $15) 22. Rd1 Rfc8 ({
It was possible to get a drawn position after} 22... d5 23. exd5 Bxd5 24. Bxd4
Bxd4 25. Qxd4 Qxd4 26. Rxd4 Be6 $11) 23. Rd3 Ba5 ({Only here I realised that} 
23... Rc3 {is not so strong anymore. I'd go for it anyway, if there were
practical chances, as the match situation was already really bad for us, but
at the same time I saw only a much worse position as a resulf of this idea...}
24. Bxc3 dxc3 25. Qc2 $14 {and now, with the rook on d1, Black can't play ...
Bd4 and has serious problems with the pawn on d6. The move in the text is
maybe not the most precise, but it leads to a "dead" draw.}) 24. Bxd4 Bxd2 25.
Bxf6 gxf6 ({It was also possible to play} 25... Bb4 26. Be7 h6 27. Bxd6 Bxd6
28. Rxd6 Bb3 $11) 26. R1xd2 Bc4 27. Bxc4 Rxc4 28. f3 Rcxa4 29. Rxd6 R4a6 {
The rest is quite simple, as after the exchange of one pair of rooks, Black
could even lose his b7-pawn.} 30. Rd7 Ra1+ 31. Kf2 R1a2 32. g4 R8a3 33. Rxa2
Rxa2+ 34. Kg3 Rb2 35. h4 h6 36. Kf4 Rb3 37. Rd8+ Kg7 38. Rd7 Kg8 39. Rd8+ Kg7
40. Rd7 Kg8 1/2-1/2